[Event "World Chess Olympiad 2018"]
[Site "Batumi"]
[Date "2018.09.30"]
[Round "6"]
[Board "3"]
[WhiteFideId "2809052"]
[White "Nabaty Tamir"]
[BlackFideId "11600454"]
[Black "Fridman Daniel"]
[Result "0-1"]
[LiveChessVersion "1.4.8"]
[BlackElo "2591"]
[WhiteElo "2692"]

1. e4 {[%clk 1:30:57]} e5 {[%clk 1:30:54]} 2. Bc4 {[%clk 1:31:22]} Nf6
{[%clk 1:31:18]} 3. d3 {[%clk 1:31:49]} c6 {[%clk 1:31:42]} 4. Nf3
{[%clk 1:32:13]} d5 {[%clk 1:32:06]} 5. Bb3 {[%clk 1:32:38]} a5 {[%clk 1:31:03]}
6. a4 {[%clk 1:32:49]} Bb4+ {[%clk 1:31:12]} 7. c3 {[%clk 1:33:10]} Bd6
{[%clk 1:31:37]} 8. exd5 {[%clk 1:33:29]} Nxd5 {[%clk 1:31:44]} 9. O-O
{[%clk 1:33:17]} O-O {[%clk 1:32:08]} 10. Re1 {[%clk 1:33:15]} Re8
{[%clk 1:18:33]} 11. Bg5 {[%clk 1:31:47]} f6 {[%clk 0:58:02]} 12. Bh4
{[%clk 1:18:51]} Be6 {[%clk 0:53:39]} 13. Nbd2 {[%clk 1:16:50]} Nd7
{[%clk 0:51:51]} 14. Nc4 {[%clk 1:13:29]} Bc7 {[%clk 0:50:21]} 15. d4
{[%clk 1:12:55]} exd4 {[%clk 0:48:27]} 16. Nxd4 {[%clk 1:12:35]} Bf7
{[%clk 0:47:07]} 17. Qg4 {[%clk 1:07:29]} h5 {[%clk 0:44:24]} 18. Qf5
{[%clk 0:57:55]} Nc5 {[%clk 0:36:05]} 19. Bc2 {[%clk 0:56:44]} g6
{[%clk 0:36:27]} 20. Qf3 {[%clk 0:57:00]} Nf4 {[%clk 0:34:52]} 21. Nb6
{[%clk 0:47:13]} Rxe1+ {[%clk 0:27:17]} 22. Rxe1 {[%clk 0:47:40]} Ra6
{[%clk 0:27:36]} 23. Bg3 {[%clk 0:46:11]} Rxb6 {[%clk 0:26:38]} 24. Bxf4
{[%clk 0:46:21]} Bxf4 {[%clk 0:26:10]} 25. Qxf4 {[%clk 0:46:45]} Rxb2
{[%clk 0:24:57]} 26. g4 {[%clk 0:45:24]} hxg4 {[%clk 0:18:27]} 27. Qxg4
{[%clk 0:40:34]} Rxc2 {[%clk 0:16:14]} 28. Nxc2 {[%clk 0:39:49]} Qd2
{[%clk 0:16:36]} 29. Qd4 {[%clk 0:35:30]} Nd3 {[%clk 0:14:37]} 30. Re7
{[%clk 0:25:57]} Qxc2 {[%clk 0:10:31]} 31. Qxf6 {[%clk 0:25:15]} Qd1+
{[%clk 0:08:56]} 32. Kg2 {[%clk 0:25:43]} Qg4+ {[%clk 0:09:17]} 33. Kf1
{[%clk 0:26:08]} Qd1+ {[%clk 0:09:27]} 34. Kg2 {[%clk 0:26:35]} Qg4+
{[%clk 0:08:53]} 35. Kf1 {[%clk 0:26:59]} Qc4 {[%clk 0:09:05]} 36. Kg1
{[%clk 0:25:10]} Nc5 {[%clk 0:03:29]} 37. h4 {[%clk 0:19:21]} Qd5
{[%clk 0:01:45]} 38. h5 {[%clk 0:16:26]} Qd1+ {[%clk 0:01:07]} 39. Kh2
{[%clk 0:16:20]} Qxh5+ {[%clk 0:01:20]} 40. Kg3 {[%clk 0:46:14]} Qd5
{[%clk 0:30:52]} 41. f3 {[%clk 0:45:54]} Nd7 {[%clk 0:29:19]} 42. Qf4
{[%clk 0:45:26]} b5 {[%clk 0:27:57]} 43. Re4 {[%clk 0:43:54]} Qc5
{[%clk 0:25:37]} 44. Rd4 {[%clk 0:41:06]} Nf8 {[%clk 0:22:31]} 45. Qc7
{[%clk 0:37:54]} bxa4 {[%clk 0:21:23]} 46. Rf4 {[%clk 0:36:50]} Qg1+
{[%clk 0:21:22]} 0-1

[Event "World Chess Olympiad 2018"]
[Site "Batumi"]
[Date "2018.09.30"]
[Round "6"]
[Board "4"]
[WhiteFideId "4657101"]
[White "Svane Rasmus"]
[BlackFideId "2802007"]
[Black "Sutovsky Emil"]
[Result "0-1"]
[LiveChessVersion "1.4.8"]
[BlackElo "2633"]
[WhiteElo "2595"]

1. Nf3 {[%clk 1:30:56]} Nf6 {[%clk 1:30:57]} 2. c4 {[%clk 1:31:18]} g6
{[%clk 1:31:26]} 3. Nc3 {[%clk 1:31:38]} Bg7 {[%clk 1:31:54]} 4. e4
{[%clk 1:29:01]} d6 {[%clk 1:32:16]} 5. d4 {[%clk 1:29:24]} O-O {[%clk 1:32:44]}
6. Be2 {[%clk 1:28:58]} e5 {[%clk 1:33:11]} 7. O-O {[%clk 1:23:44]} Nc6
{[%clk 1:33:37]} 8. Be3 {[%clk 1:24:06]} Ng4 {[%clk 1:26:57]} 9. Bg5
{[%clk 1:24:30]} f6 {[%clk 1:27:25]} 10. Bc1 {[%clk 1:24:24]} f5 {[%clk 1:24:08]}
11. d5 {[%clk 1:22:25]} Ne7 {[%clk 1:10:30]} 12. exf5 {[%clk 1:01:07]} gxf5
{[%clk 1:10:28]} 13. Ng5 {[%clk 0:56:31]} h6 {[%clk 1:02:40]} 14. Nh3
{[%clk 0:45:56]} c6 {[%clk 0:58:42]} 15. f3 {[%clk 0:36:18]} Nf6 {[%clk 0:58:58]}
16. f4 {[%clk 0:33:08]} cxd5 {[%clk 0:57:31]} 17. cxd5 {[%clk 0:33:11]} Qb6+
{[%clk 0:57:27]} 18. Kh1 {[%clk 0:30:07]} e4 {[%clk 0:56:52]} 19. Bc4
{[%clk 0:17:29]} Bd7 {[%clk 0:44:27]} 20. Qe2 {[%clk 0:17:53]} Ng4
{[%clk 0:44:56]} 21. Nf2 {[%clk 0:16:04]} Nxf2+ {[%clk 0:43:20]} 22. Rxf2
{[%clk 0:16:00]} Rfc8 {[%clk 0:36:22]} 23. Be3 {[%clk 0:13:51]} Qb4
{[%clk 0:36:50]} 24. Bb3 {[%clk 0:13:58]} a5 {[%clk 0:37:19]} 25. Bd2
{[%clk 0:13:06]} Qd4 {[%clk 0:34:07]} 26. Be3 {[%clk 0:10:55]} Qd3
{[%clk 0:29:51]} 27. Na4 {[%clk 0:09:03]} Bb5 {[%clk 0:14:50]} 28. Qxd3
{[%clk 0:07:13]} exd3 {[%clk 0:15:19]} 29. Re1 {[%clk 0:04:06]} Re8
{[%clk 0:14:00]} 30. Nb6 {[%clk 0:03:04]} a4 {[%clk 0:13:37]} 31. Nxa8
{[%clk 0:03:03]} Rxa8 {[%clk 0:13:53]} 32. Bd1 {[%clk 0:03:25]} Nxd5
{[%clk 0:14:10]} 33. Bd2 {[%clk 0:02:55]} Nf6 {[%clk 0:12:53]} 34. Bf3
{[%clk 0:03:04]} d5 {[%clk 0:12:06]} 35. Bc3 {[%clk 0:02:30]} Ne4
{[%clk 0:11:26]} 36. Bxe4 {[%clk 0:02:55]} fxe4 {[%clk 0:11:46]} 37. Bxg7
{[%clk 0:01:27]} Kxg7 {[%clk 0:12:14]} 38. f5 {[%clk 0:01:56]} Re8
{[%clk 0:09:34]} 39. Rf4 {[%clk 0:00:36]} d2 {[%clk 0:09:34]} 40. f6+
{[%clk 0:30:50]} Kf7 {[%clk 0:39:57]} 0-1

[Event "World Chess Olympiad 2018"]
[Site "Batumi"]
[Date "2018.09.30"]
[Round "6"]
[Board "1"]
[WhiteFideId "14403803"]
[White "Kadric Denis"]
[BlackFideId "2020009"]
[Black "Caruana Fabiano"]
[Result "0-1"]
[LiveChessVersion "1.4.8"]
[BlackElo "2827"]
[WhiteElo "2543"]

1. e4 {[%clk 1:30:57]} c5 {[%clk 1:30:56]} 2. Nc3 {[%clk 1:31:20]} e6
{[%clk 1:31:21]} 3. Nf3 {[%clk 1:31:48]} a6 {[%clk 1:31:45]} 4. d4
{[%clk 1:31:55]} cxd4 {[%clk 1:32:10]} 5. Nxd4 {[%clk 1:32:22]} Qc7
{[%clk 1:32:30]} 6. Bd3 {[%clk 1:32:49]} Nf6 {[%clk 1:32:51]} 7. O-O
{[%clk 1:33:12]} Bc5 {[%clk 1:33:15]} 8. Nb3 {[%clk 1:33:39]} Ba7
{[%clk 1:33:40]} 9. Kh1 {[%clk 1:32:41]} Nc6 {[%clk 1:33:02]} 10. f4
{[%clk 1:33:01]} d6 {[%clk 1:33:05]} 11. Qe2 {[%clk 1:33:02]} h5 {[%clk 1:30:18]}
12. Be3 {[%clk 1:27:14]} Bxe3 {[%clk 1:30:31]} 13. Qxe3 {[%clk 1:27:42]} Bd7
{[%clk 1:30:37]} 14. Rae1 {[%clk 1:26:01]} O-O-O {[%clk 1:26:44]} 15. Na4
{[%clk 1:24:13]} Kb8 {[%clk 1:25:25]} 16. Nb6 {[%clk 1:23:15]} Be8
{[%clk 1:18:30]} 17. c4 {[%clk 1:23:20]} h4 {[%clk 1:15:15]} 18. Rc1
{[%clk 1:14:19]} h3 {[%clk 1:13:33]} 19. g3 {[%clk 1:14:14]} Ng4 {[%clk 1:04:43]}
20. Qg1 {[%clk 1:14:36]} f5 {[%clk 0:44:43]} 21. Be2 {[%clk 1:06:09]} Ne7
{[%clk 0:40:36]} 22. Na5 {[%clk 0:53:20]} Qc5 {[%clk 0:35:24]} 23. Qxc5
{[%clk 0:50:09]} dxc5 {[%clk 0:35:49]} 24. Bxg4 {[%clk 0:50:14]} fxg4
{[%clk 0:36:13]} 25. Rfd1 {[%clk 0:50:06]} Bg6 {[%clk 0:30:29]} 26. Rd7
{[%clk 0:19:33]} Bxe4+ {[%clk 0:17:06]} 27. Kg1 {[%clk 0:20:01]} Nf5
{[%clk 0:17:16]} 28. Re1 {[%clk 0:17:21]} Bf3 {[%clk 0:11:34]} 29. Rxe6
{[%clk 0:12:50]} Ka7 {[%clk 0:11:20]} 30. Rc7 {[%clk 0:05:26]} Rd1+
{[%clk 0:09:00]} 31. Kf2 {[%clk 0:05:55]} Rd2+ {[%clk 0:08:39]} 32. Ke1
{[%clk 0:06:22]} Rxh2 {[%clk 0:07:18]} 33. b4 {[%clk 0:05:48]} Rxa2
{[%clk 0:06:33]} 34. Nd5 {[%clk 0:04:02]} Rxa5 {[%clk 0:06:21]} 0-1

[Event "World Chess Olympiad 2018"]
[Site "Batumi"]
[Date "2018.09.30"]
[Round "6"]
[Board "2"]
[WhiteFideId "5202213"]
[White "So Wesley"]
[BlackFideId "922692"]
[Black "Stojanovic Dalibor"]
[Result "1-0"]
[LiveChessVersion "1.4.8"]
[BlackElo "2492"]
[WhiteElo "2776"]

1. d4 {[%clk 1:30:57]} d5 {[%clk 1:30:36]} 2. c4 {[%clk 1:31:21]} e6
{[%clk 1:30:36]} 3. Nc3 {[%clk 1:31:41]} Be7 {[%clk 1:29:44]} 4. cxd5
{[%clk 1:32:05]} exd5 {[%clk 1:30:08]} 5. Bf4 {[%clk 1:32:32]} c6
{[%clk 1:28:36]} 6. e3 {[%clk 1:32:54]} Bd6 {[%clk 1:26:20]} 7. Bxd6
{[%clk 1:33:03]} Qxd6 {[%clk 1:26:44]} 8. Bd3 {[%clk 1:33:29]} Ne7
{[%clk 1:22:11]} 9. Qc2 {[%clk 1:33:52]} g6 {[%clk 1:20:04]} 10. Nf3
{[%clk 1:30:53]} Bf5 {[%clk 1:13:44]} 11. Bxf5 {[%clk 1:30:43]} Nxf5
{[%clk 1:14:10]} 12. O-O {[%clk 1:31:06]} O-O {[%clk 1:13:55]} 13. e4
{[%clk 1:31:17]} Ne7 {[%clk 1:05:06]} 14. Qb3 {[%clk 1:21:51]} b6
{[%clk 0:48:33]} 15. Rfe1 {[%clk 1:19:12]} Nd7 {[%clk 0:43:21]} 16. Rac1
{[%clk 1:15:52]} Rfc8 {[%clk 0:39:56]} 17. e5 {[%clk 1:04:56]} Qe6
{[%clk 0:38:44]} 18. Ne2 {[%clk 1:05:02]} Nf8 {[%clk 0:37:04]} 19. Nf4
{[%clk 1:02:26]} Qf5 {[%clk 0:33:46]} 20. Qe3 {[%clk 1:02:46]} Ne6
{[%clk 0:33:08]} 21. Nxe6 {[%clk 1:03:09]} Qxe6 {[%clk 0:24:55]} 22. Ng5
{[%clk 1:03:14]} Qf5 {[%clk 0:22:13]} 23. e6 {[%clk 1:03:35]} fxe6
{[%clk 0:22:32]} 24. Nxe6 {[%clk 1:03:10]} Qf6 {[%clk 0:20:53]} 25. g4
{[%clk 1:02:57]} a5 {[%clk 0:16:03]} 26. Qh6 {[%clk 1:00:33]} Re8
{[%clk 0:05:32]} 27. Rc3 {[%clk 0:59:17]} Nc8 {[%clk 0:04:16]} 28. Rxc6
{[%clk 0:52:01]} Ra7 {[%clk 0:04:27]} 29. Re5 {[%clk 0:51:16]} Qf3
{[%clk 0:02:19]} 30. h3 {[%clk 0:51:18]} Rf7 {[%clk 0:02:00]} 31. Qe3
{[%clk 0:51:43]} Qd1+ {[%clk 0:01:41]} 32. Kg2 {[%clk 0:52:02]} Qa4
{[%clk 0:02:03]} 33. Ng5 {[%clk 0:51:03]} Ref8 {[%clk 0:00:35]} 34. Rxc8
{[%clk 0:51:19]} 1-0

[Event "World Chess Olympiad 2018"]
[Site "Batumi"]
[Date "2018.09.30"]
[Round "6"]
[Board "4"]
[WhiteFideId "2023970"]
[White "Robson Ray"]
[BlackFideId "14407701"]
[Black "Burovic Rijad"]
[Result "1-0"]
[LiveChessVersion "1.4.8"]
[BlackElo "2380"]
[WhiteElo "2682"]

1. e4 {[%clk 1:30:56]} e6 {[%clk 1:30:00]} 2. d4 {[%clk 1:31:11]} d5
{[%clk 1:30:22]} 3. Nc3 {[%clk 1:31:21]} Bb4 {[%clk 1:30:34]} 4. e5
{[%clk 1:31:28]} Ne7 {[%clk 1:30:41]} 5. a3 {[%clk 1:31:34]} Bxc3+
{[%clk 1:30:57]} 6. bxc3 {[%clk 1:31:56]} b6 {[%clk 1:31:00]} 7. Qg4
{[%clk 1:31:36]} Kf8 {[%clk 1:31:14]} 8. Nh3 {[%clk 1:31:09]} Ba6
{[%clk 1:25:36]} 9. Bxa6 {[%clk 1:31:08]} Nxa6 {[%clk 1:25:58]} 10. Nf4
{[%clk 1:30:58]} h6 {[%clk 1:22:06]} 11. O-O {[%clk 1:23:35]} Nb8
{[%clk 1:02:04]} 12. c4 {[%clk 1:14:41]} Nbc6 {[%clk 0:52:01]} 13. cxd5 Nxd5
{[%clk 0:49:58]} 14. Ne2 {[%clk 1:13:01]} Na5 {[%clk 0:47:34]} 15. Ng3
{[%clk 1:04:17]} Qd7 {[%clk 0:35:43]} 16. a4 {[%clk 0:48:26]} Qc6
{[%clk 0:19:56]} 17. Ra3 {[%clk 0:25:01]} Qxc2 {[%clk 0:12:32]} 18. Rf3
{[%clk 0:24:44]} Kg8 {[%clk 0:11:26]} 19. Nh5 {[%clk 0:22:35]} g6
{[%clk 0:09:08]} 20. Nf6+ {[%clk 0:17:33]} Nxf6 {[%clk 0:07:57]} 21. Rxf6
{[%clk 0:17:56]} Nc6 {[%clk 0:04:22]} 22. d5 {[%clk 0:12:46]} Nxe5
{[%clk 0:02:56]} 23. Qf4 {[%clk 0:12:34]} Nd3 {[%clk 0:01:07]} 24. Qe4
{[%clk 0:12:18]} Kg7 {[%clk 0:00:34]} 25. Rf3 {[%clk 0:12:05]} f5
{[%clk 0:00:32]} 26. Qxd3 {[%clk 0:12:12]} Qxd3 {[%clk 0:00:47]} 27. Rxd3
{[%clk 0:10:45]} Rhd8 {[%clk 0:00:35]} 28. Rc3 {[%clk 0:09:27]} Rxd5
{[%clk 0:00:31]} 29. Rxc7+ {[%clk 0:09:50]} 1-0

[Event "World Chess Olympiad 2018"]
[Site "Batumi"]
[Date "2018.09.30"]
[Round "6"]
[Board "1"]
[WhiteFideId "12539929"]
[White "Maghsoodloo Parham"]
[BlackFideId "8603677"]
[Black "Ding Liren"]
[Result "1/2-1/2"]
[LiveChessVersion "1.4.8"]
[BlackElo "2804"]
[WhiteElo "2649"]

1. e4 {[%clk 1:30:56]} e5 {[%clk 1:30:53]} 2. Nf3 {[%clk 1:31:21]} Nc6
{[%clk 1:31:20]} 3. Bb5 {[%clk 1:31:45]} a6 {[%clk 1:31:45]} 4. Ba4
{[%clk 1:32:12]} Nf6 {[%clk 1:32:08]} 5. O-O {[%clk 1:32:37]} Be7
{[%clk 1:32:33]} 6. Re1 {[%clk 1:33:03]} b5 {[%clk 1:32:57]} 7. Bb3
{[%clk 1:33:30]} O-O {[%clk 1:33:18]} 8. d4 {[%clk 1:33:57]} d6 {[%clk 1:33:15]}
9. c3 {[%clk 1:34:22]} Bg4 {[%clk 1:32:44]} 10. Be3 {[%clk 1:34:37]} exd4
{[%clk 1:29:18]} 11. cxd4 {[%clk 1:35:02]} d5 {[%clk 1:29:47]} 12. e5
{[%clk 1:35:27]} Ne4 {[%clk 1:30:12]} 13. h3 {[%clk 1:31:25]} Bh5
{[%clk 1:26:42]} 14. Nbd2 {[%clk 1:31:48]} a5 {[%clk 1:15:52]} 15. a4
{[%clk 1:12:20]} bxa4 {[%clk 1:14:37]} 16. Bxa4 {[%clk 1:10:33]} Nb4
{[%clk 1:14:50]} 17. Nf1 {[%clk 0:52:08]} c5 {[%clk 1:13:06]} 18. dxc5
{[%clk 0:52:26]} Bxc5 {[%clk 1:04:48]} 19. Bxc5 {[%clk 0:46:02]} Nxc5
{[%clk 1:05:15]} 20. Ng3 {[%clk 0:46:26]} Bg6 {[%clk 1:05:23]} 21. Re2
{[%clk 0:44:04]} Rc8 {[%clk 1:01:35]} 22. Nd4 {[%clk 0:38:13]} Ne6
{[%clk 1:01:54]} 23. Rd2 {[%clk 0:31:30]} Nxd4 {[%clk 0:47:52]} 24. Rxd4
{[%clk 0:31:50]} Qb6 {[%clk 0:48:20]} 25. Rd2 {[%clk 0:25:49]} Rfd8
{[%clk 0:45:22]} 26. Kh2 {[%clk 0:19:57]} d4 {[%clk 0:38:12]} 27. f4
{[%clk 0:20:26]} h5 {[%clk 0:38:34]} 28. Nxh5 {[%clk 0:10:46]} Nd5
{[%clk 0:38:42]} 29. Qf3 {[%clk 0:08:47]} Qb4 {[%clk 0:26:09]} 30. Rf2
{[%clk 0:08:47]} d3 {[%clk 0:26:30]} 31. Nxg7 {[%clk 0:03:56]} Kxg7
{[%clk 0:26:22]} 32. f5 {[%clk 0:04:21]} Bh7 {[%clk 0:26:45]} 33. Qxd3
{[%clk 0:04:17]} Kh8 {[%clk 0:24:11]} 34. Qg3 {[%clk 0:00:32]} Rg8
{[%clk 0:24:02]} 35. Qf3 {[%clk 0:00:32]} Ne7 {[%clk 0:07:55]} 36. Bd7
{[%clk 0:00:32]} Rc5 {[%clk 0:08:02]} 37. f6 {[%clk 0:00:37]} Ng6
{[%clk 0:07:49]} 38. e6 {[%clk 0:00:58]} Ne5 {[%clk 0:07:56]} 39. Qd1
{[%clk 0:00:34]} Qh4 {[%clk 0:06:08]} 40. exf7 {[%clk 0:30:39]} Nxf7
{[%clk 0:36:31]} 41. Kg1 {[%clk 0:19:46]} Rd8 {[%clk 0:34:50]} 42. Qg4
{[%clk 0:15:32]} Qxg4 {[%clk 0:35:14]} 43. Bxg4 {[%clk 0:15:58]} Ne5
{[%clk 0:33:48]} 44. Bf5 {[%clk 0:14:45]} Rf8 {[%clk 0:32:17]} 45. Bxh7
{[%clk 0:10:16]} Kxh7 {[%clk 0:32:41]} 46. Rd1 {[%clk 0:10:24]} Kg6
{[%clk 0:32:14]} 47. Rd6 {[%clk 0:10:37]} Rc6 {[%clk 0:32:22]} 48. Rd5
{[%clk 0:10:58]} Rfxf6 {[%clk 0:31:41]} 49. Re2 {[%clk 0:08:48]} Rc1+
{[%clk 0:31:50]} 50. Kh2 {[%clk 0:09:09]} Nc6 {[%clk 0:32:14]} 51. h4
{[%clk 0:08:51]} Rc4 {[%clk 0:26:29]} 52. Kh3 {[%clk 0:08:05]} 1/2-1/2

[Event "World Chess Olympiad 2018"]
[Site "Batumi"]
[Date "2018.09.30"]
[Round "6"]
[Board "2"]
[WhiteFideId "8603820"]
[White "Yu Yangyi"]
[BlackFideId "12510130"]
[Black "Idani Pouya"]
[Result "1/2-1/2"]
[LiveChessVersion "1.4.8"]
[BlackElo "2589"]
[WhiteElo "2765"]

1. d4 {[%clk 1:30:51]} d5 {[%clk 1:30:55]} 2. c4 {[%clk 1:31:01]} dxc4
{[%clk 1:31:19]} 3. Nf3 {[%clk 1:30:34]} Nf6 {[%clk 1:31:43]} 4. e3
{[%clk 1:25:33]} a6 {[%clk 1:32:05]} 5. Bxc4 {[%clk 1:25:51]} b5 {[%clk 1:32:30]}
6. Be2 {[%clk 1:23:06]} Bb7 {[%clk 1:32:54]} 7. O-O {[%clk 1:19:07]} e6
{[%clk 1:33:18]} 8. a4 {[%clk 1:18:01]} b4 {[%clk 1:33:35]} 9. b3
{[%clk 1:14:07]} Nbd7 {[%clk 1:33:21]} 10. Bb2 {[%clk 1:11:46]} Be7
{[%clk 1:33:08]} 11. Nbd2 {[%clk 1:12:04]} c5 {[%clk 1:33:31]} 12. Rc1
{[%clk 1:12:07]} Rc8 {[%clk 1:28:40]} 13. dxc5 {[%clk 1:10:06]} Rxc5
{[%clk 1:25:07]} 14. Rxc5 {[%clk 1:03:14]} Nxc5 {[%clk 1:25:16]} 15. Qc2
{[%clk 1:03:18]} O-O {[%clk 1:19:42]} 16. Bxf6 {[%clk 0:57:50]} gxf6
{[%clk 1:17:56]} 17. Nd4 {[%clk 0:58:14]} f5 {[%clk 1:13:04]} 18. Bf3
{[%clk 0:56:26]} Bxf3 {[%clk 1:10:02]} 19. N2xf3 {[%clk 0:56:22]} Qd5
{[%clk 1:08:29]} 20. Rc1 {[%clk 0:55:02]} Rd8 {[%clk 1:01:42]} 21. h3
{[%clk 0:55:14]} Bf8 {[%clk 1:01:27]} 22. Qc4 {[%clk 0:44:59]} Qxc4
{[%clk 0:44:52]} 23. Rxc4 {[%clk 0:45:21]} a5 {[%clk 0:45:19]} 24. Kf1
{[%clk 0:40:46]} Rd5 {[%clk 0:44:27]} 25. Ke2 {[%clk 0:39:09]} h6
{[%clk 0:31:00]} 26. Nd2 {[%clk 0:35:15]} Bd6 {[%clk 0:24:22]} 27. g4
{[%clk 0:23:38]} fxg4 {[%clk 0:19:54]} 28. hxg4 {[%clk 0:24:04]} h5
{[%clk 0:19:44]} 29. gxh5 {[%clk 0:18:22]} Rxh5 {[%clk 0:20:02]} 30. Nc6
{[%clk 0:17:21]} Kf8 {[%clk 0:18:20]} 31. Rc2 {[%clk 0:14:14]} Bc7
{[%clk 0:18:14]} 32. Nd4 {[%clk 0:13:53]} Ke8 {[%clk 0:15:55]} 33. Kf3
{[%clk 0:12:47]} Kd7 {[%clk 0:14:51]} 34. Ne4 {[%clk 0:12:37]} Nxe4
{[%clk 0:15:17]} 35. Kxe4 {[%clk 0:13:03]} Rd5 {[%clk 0:14:51]} 36. f4
{[%clk 0:12:09]} Bb6 {[%clk 0:14:57]} 37. Rh2 {[%clk 0:09:29]} Bxd4
{[%clk 0:11:11]} 38. exd4 {[%clk 0:09:54]} Rd6 {[%clk 0:09:54]} 39. Rc2
{[%clk 0:09:19]} Rd5 {[%clk 0:09:52]} 40. Rh2 {[%clk 0:37:18]} Rd6
{[%clk 0:40:02]} 41. Rc2 {[%clk 0:26:41]} Rd5 {[%clk 0:40:18]} 42. Rh2
{[%clk 0:26:47]} 1/2-1/2

[Event "World Chess Olympiad 2018"]
[Site "Batumi"]
[Date "2018.09.30"]
[Round "6"]
[Board "3"]
[WhiteFideId "12521213"]
[White "Tabatabaei M.amin"]
[BlackFideId "8601445"]
[Black "Bu Xiangzhi"]
[Result "0-1"]
[LiveChessVersion "1.4.8"]
[BlackElo "2712"]
[WhiteElo "2576"]

1. d4 {[%clk 1:30:56]} d5 {[%clk 1:30:06]} 2. c4 {[%clk 1:31:19]} c6
{[%clk 1:30:33]} 3. Nf3 {[%clk 1:31:45]} Nf6 {[%clk 1:30:59]} 4. Nc3
{[%clk 1:32:11]} a6 {[%clk 1:31:16]} 5. e3 {[%clk 1:31:48]} e6 {[%clk 1:31:42]}
6. b3 {[%clk 1:31:32]} Bb4 {[%clk 1:32:07]} 7. Bd2 {[%clk 1:31:54]} O-O
{[%clk 1:32:31]} 8. Bd3 {[%clk 1:31:59]} Nbd7 {[%clk 1:32:54]} 9. O-O
{[%clk 1:31:34]} Bd6 {[%clk 1:33:16]} 10. e4 {[%clk 1:15:48]} dxc4
{[%clk 1:33:39]} 11. e5 {[%clk 1:03:56]} cxd3 {[%clk 1:31:52]} 12. exd6
{[%clk 1:04:20]} Nb6 {[%clk 1:32:09]} 13. Bg5 {[%clk 0:55:04]} Qxd6
{[%clk 1:30:36]} 14. Bxf6 {[%clk 0:55:28]} gxf6 {[%clk 1:31:02]} 15. Ne4
{[%clk 0:55:44]} Qf4 {[%clk 1:28:02]} 16. Qxd3 {[%clk 0:53:16]} Nd5
{[%clk 1:28:26]} 17. Rfe1 {[%clk 0:52:45]} b6 {[%clk 1:22:27]} 18. Ng3
{[%clk 0:39:56]} f5 {[%clk 1:21:53]} 19. Ne2 {[%clk 0:39:46]} Qc7
{[%clk 1:03:50]} 20. Nc3 {[%clk 0:36:18]} Nf4 {[%clk 1:04:05]} 21. Qe3
{[%clk 0:34:32]} f6 {[%clk 1:04:28]} 22. Rac1 {[%clk 0:33:05]} Rb8
{[%clk 0:54:38]} 23. Nh4 {[%clk 0:19:40]} Qd6 {[%clk 0:49:11]} 24. Kh1
{[%clk 0:08:02]} Rb7 {[%clk 0:45:54]} 25. g3 {[%clk 0:07:13]} Ng6
{[%clk 0:45:59]} 26. Nf3 {[%clk 0:06:25]} Re7 {[%clk 0:42:16]} 27. h4
{[%clk 0:04:57]} Rg7 {[%clk 0:35:00]} 28. h5 {[%clk 0:04:23]} Ne7
{[%clk 0:35:22]} 29. Kh2 {[%clk 0:04:18]} Rg4 {[%clk 0:35:01]} 30. Rg1
{[%clk 0:02:18]} Kh8 31. Rce1 {[%clk 0:01:33]} f4 {[%clk 0:33:44]} 32. Qe2
{[%clk 0:01:28]} fxg3+ {[%clk 0:33:45]} 33. fxg3 {[%clk 0:01:55]} Nf5
{[%clk 0:34:01]} 34. Ne4 {[%clk 0:02:07]} Qc7 {[%clk 0:34:06]} 35. Nfg5
{[%clk 0:00:33]} Rh4+ {[%clk 0:33:58]} 36. Kg2 {[%clk 0:00:59]} Nxg3
{[%clk 0:32:42]} 37. Nxg3 {[%clk 0:00:49]} fxg5 {[%clk 0:33:08]} 38. Qb2
{[%clk 0:00:41]} e5 0-1

[Event "World Chess Olympiad 2018"]
[Site "Batumi"]
[Date "2018.09.30"]
[Round "6"]
[Board "1"]
[WhiteFideId "4168119"]
[White "Nepomniachtchi Ian"]
[BlackFideId "5000017"]
[Black "Anand Viswanathan"]
[Result "1/2-1/2"]
[LiveChessVersion "1.4.8"]
[BlackElo "2771"]
[WhiteElo "2768"]

1. c4 {[%clk 1:30:50]} Nf6 {[%clk 1:30:42]} 2. Nc3 {[%clk 1:31:14]} e6
{[%clk 1:30:53]} 3. e4 {[%clk 1:31:05]} d5 {[%clk 1:31:10]} 4. cxd5
{[%clk 1:31:02]} exd5 {[%clk 1:31:27]} 5. e5 {[%clk 1:31:23]} Ne4
{[%clk 1:31:36]} 6. Nf3 {[%clk 1:31:47]} Bf5 {[%clk 1:31:20]} 7. d3
{[%clk 1:32:07]} Nxc3 {[%clk 1:30:39]} 8. bxc3 {[%clk 1:32:33]} c5
{[%clk 1:30:45]} 9. d4 {[%clk 1:32:56]} Qa5 {[%clk 1:29:27]} 10. Bd2
{[%clk 1:33:01]} Nc6 {[%clk 1:27:36]} 11. c4 {[%clk 1:33:08]} Qd8
{[%clk 1:26:57]} 12. Qb3 {[%clk 1:33:26]} Be6 {[%clk 1:23:39]} 13. Qxb7
{[%clk 1:32:15]} Rc8 {[%clk 1:22:03]} 14. Ng5 {[%clk 1:32:38]} Nxd4
{[%clk 1:21:28]} 15. Nxe6 {[%clk 1:33:02]} fxe6 {[%clk 1:21:50]} 16. Rb1
{[%clk 1:33:28]} Be7 {[%clk 1:15:35]} 17. Bd3 {[%clk 1:33:54]} Kf7
{[%clk 1:10:37]} 18. O-O {[%clk 1:27:01]} Nc6 {[%clk 0:53:58]} 19. Be2
{[%clk 1:18:56]} Nd4 {[%clk 0:45:41]} 20. Bd3 {[%clk 1:16:05]} Nc6
{[%clk 0:46:02]} 21. Rfd1 {[%clk 0:58:55]} Rc7 {[%clk 0:25:54]} 22. Qb3
{[%clk 0:53:36]} Nd4 {[%clk 0:21:28]} 23. Qb2 {[%clk 0:50:04]} Rd7
{[%clk 0:21:13]} 24. cxd5 {[%clk 0:50:13]} Rxd5 {[%clk 0:21:31]} 25. Bc4
{[%clk 0:50:37]} Rxe5 {[%clk 0:21:36]} 26. Qb7 {[%clk 0:43:47]} Qa8
{[%clk 0:16:00]} 27. Bf4 {[%clk 0:39:55]} Re4 {[%clk 0:14:14]} 28. Bg5
{[%clk 0:33:13]} Nf5 {[%clk 0:11:16]} 29. Bf1 {[%clk 0:30:33]} Rb4
{[%clk 0:09:04]} 30. Rxb4 {[%clk 0:27:56]} cxb4 {[%clk 0:09:28]} 31. Rd7
{[%clk 0:28:15]} Qxb7 {[%clk 0:09:25]} 32. Rxb7 {[%clk 0:28:42]} a5
{[%clk 0:06:24]} 33. Ra7 {[%clk 0:21:15]} Rd8 {[%clk 0:06:20]} 34. Bxe7
{[%clk 0:12:06]} Nxe7 {[%clk 0:06:43]} 35. Rxa5 {[%clk 0:12:34]} Rb8
{[%clk 0:05:37]} 36. Bb5 {[%clk 0:11:01]} Nf5 {[%clk 0:04:01]} 37. h4
{[%clk 0:07:53]} Nxh4 {[%clk 0:03:56]} 38. Bc4 {[%clk 0:08:10]} Ng6
{[%clk 0:03:55]} 39. Ra7+ {[%clk 0:06:10]} Kf6 {[%clk 0:02:54]} 40. Ra6
{[%clk 0:36:29]} Nf4 {[%clk 0:32:35]} 41. g3 {[%clk 0:36:20]} Rc8
{[%clk 0:32:55]} 42. Bb3 {[%clk 0:36:48]} Ne2+ {[%clk 0:33:12]} 43. Kg2
{[%clk 0:37:15]} Nd4 {[%clk 0:33:35]} 1/2-1/2